Responses for Show #7071 - Monday, May 18, 2015

Andrew Haringer game 3.

Contestants

[<< previous game]

Fritz Brantley, a writer originally from Little Rock, Arkansas

Cindy de la Peña, a religious education coordinator from Southborough, Massachusetts

Andrew Haringer, a college instructor from Squamish, British Columbia, Canada (whose 2-day cash winnings total $39,599)

[next game >>]

Jeopardy! Round responses

(Alex: Now, because the History Channel, starting next Monday, will be airing a mini-series about Texas independence, the whole category is...)
TEXAS RISING
TV
YOU'LL "HANG" ON EVERY WORD
FEELING CHARITABLE
COMPOSERS
HOW SYMBOLIC
    $200 14
the Alamo

Cindy
    $200 17
Mindy Kaling

Cindy
    $200 8
hangman

Andrew
    $200 10
Linus

Cindy
    $200 1
Vivaldi

Cindy
    $200 2
a coronation

Cindy
    $400 15
Santa Anna

Andrew
    $400 19
Meet the Press

Cindy
    $400 9
a hangout

Fritz
    $400 23
Meals on Wheels

Andrew
    $1,000 4
Chopin

Andrew
    $400 3
a haiku

Andrew
    $600 16
San Jacinto

Fritz
    $600 20
(Cindy: [Sighs] Who are...)

Mike & Molly

CindyFritz
    $600 11
a hangover

Cindy
    $600 24
frequent flyer miles

Fritz
    $600 5
Stravinsky

Fritz
    $600 28
ivory

Triple Stumper
    $800 18
the Texas Rangers

Fritz
    $800 21
Robin Roberts

Fritz
    $800 12
hang gliding

Andrew
    $800 25
Goodwill

Fritz
    $800 6
(Edvard) Grieg

Andrew
    $800 27
The Red and the Black

Fritz
    $1000 29
(Sam) Houston

Andrew
    $1000 22
Andre Braugher

Fritz
    $1000 13
hang 10

Andrew
    $1000 26
cell phones

Fritz
    $1000 7
(Franz) Liszt

Andrew
    $1000 30
(Cindy: What is ivy?)
(Fritz: What is lily?)

myrtle

CindyFritz
Triple Stumper

Scores at the first commercial break (after clue 15):

Andrew Cindy Fritz
$5,600 $1,400 $1,000

Scores at the end of the Jeopardy! Round:

Andrew Cindy Fritz
$7,000 $400 $7,000

Double Jeopardy! Round responses

FOREIGN PRAISEBOOK
THE ELEMENTS
LITERARY CITIES
"R"OCKERS
EGG
ON YOUR FACE
    $400 1
masterpiece

Andrew
    $400 8
(Fritz: What is Monte Carlo?)

London

Fritz
Triple Stumper
    $400 13
The Ramones

Andrew
    $400 5
deviled eggs

Fritz
    $400 25
5:00 shadow

Andrew
    $800 10
hallelujah

Andrew
    $2,000 24
titanium

Fritz
    $4,000 7
Philip Marlowe

Andrew
    $800 14
Rage Against the Machine

Andrew
    $800 6
(Fritz: What is a hook?)

an egg tooth

AndrewFritz
    $800 26
[The end-of-round signal sounds.]

a mime

Andrew
    $1200 11
Magnifique

Triple Stumper
    $1200 18
(Fritz: What is sodium?)
(Cindy: What is chlorine?)
(Andrew: What is oxygen?)

iodine

AndrewCindyFritz
Triple Stumper
    $1200 2
Botswana

Fritz
    $1200 15
Radiohead

Andrew
    $1200 20
ostrich

Fritz
    $1600 4
akbar

Fritz
    $1600 19
(Andrew: What is bernoullium?)

fermium

Andrew
Triple Stumper
    $1600 3
I, Claudius

Andrew
    $1600 16
The Rutles

Fritz
    $1600 21
Eggs Benedict

Cindy
    $2000 12
good job

Triple Stumper
    $2000 23
cobalt

Fritz
    $2000 9
Alexandria

Triple Stumper
    $2000 17
The Romantics

Triple Stumper
    $2000 22
(Andrew: What are marsupials?)
...
(Alex: That's it, with a minute to go.)

monotremes

AndrewFritz

Scores at the end of the Double Jeopardy! Round:

Andrew Cindy Fritz
$13,400 $800 $16,600

[wagering suggestions for these scores]

Final Jeopardy! Round responses

ANIMATED MOVIE CHARACTERS
(Alex: [To Fritz] You're gonna lose by a buck.)
[Gasps from the audience]
CindyWho is Pocahontas?
$799
AndrewWho is Belle?
$7,000
FritzWho is Ariel
$10,201
Pocahontas

Final scores:

Andrew Cindy Fritz
$6,400 $1,599 $6,399
3-day champion: $45,999 3rd place: $1,000 2nd place: $2,000

Game dynamics:

Coryat scores:

Andrew Cindy Fritz
$9,600 $800 $15,400
20 R
(including 2 DDs),
3 W
8 R,
3 W
19 R
(including 1 DD),
4 W

Combined Coryat: $25,800

[game clues] [game scores] [suggest correction]

Game tape date: 2015-03-03
The J! Archive is created by fans, for fans. Scraping, republication, monetization, and malicious use prohibited; this site may use cookies and collect identifying information. See terms. The Jeopardy! game show and all elements thereof, including but not limited to copyright and trademark thereto, are the property of Jeopardy Productions, Inc. and are protected under law. This website is not affiliated with, sponsored by, or operated by Jeopardy Productions, Inc. Join the discussion at JBoard.tv.